Le funzioni diplomatico-consolari strumento delle relazioni internazionali

Detalles Bibliográficos
Autor principal: Campanale, Stelio
Formato: eBook
Lenguaje:italiano
Publicado: Bari : Cacucci Editore, 2012
Materias:
Acceso en línea:http://www.vlex.com/source/7351

MARC

LEADER 00000nam a22000007a 4500
005 20130305185812.0
007 cr|||| ||||
008 130305e2012 it |||||s|||| 00||0 ita d
020 |a 978-88-6611-187-0 
035 |a 7351 
040 |a vLex 
090 |c 3844  |d 3844 
100 1 0 |a Campanale, Stelio 
245 1 3 |a Le funzioni diplomatico-consolari strumento delle relazioni internazionali  |c / Stelio Campanale   |h [Recurso electrn̤ico] 
256 |a Servicio en ln̕ea 
260 |a Bari :  |b Cacucci Editore,   |c 2012  
300 |a 1 Registro electrn̤ico 
506 |d vLex Global  |d vLex Global (Academic Edition, excluding Law Schools)  |d vLex Global (U.S. Academic Edition, Law Schools)  |d vLex Global (U.S. Academic Edition, excluding Law Schools)  |d vLex Global (Academic Edition, Law Schools) 
650 0 4 |a Derecho internacional 
650 0 4 |a Relaciones internacionales 
740 |a vLex Libros (Servicio en ln̕ea) 
856 |a Acceso restringido  |u http://www.vlex.com/source/7351 
942 |c BOOK 
999 0 |a International law